LEADER 01101cam0-2200325---450- 001 990004790160403321 005 20090119094556.0 035 $a000479016 035 $aFED01000479016 035 $a(Aleph)000479016FED01 035 $a000479016 100 $a19990604d1955----km-y0itay50------ba 101 0 $aeng 102 $aUS 105 $a--------001gy 200 1 $a<>treasury of great poems english and american$efrom the foundations of the english spirit to the outstanding poetry of our own time with lives of the poets and historical seitings$fselected and integrated by Louis Untermeyer 205 $aRevised and enlarged 210 $aNew York$cSimon and Schuster$d1955 215 $aLVIII, 1286 p.$d22 cm 610 0 $aPoesia inglese$aAntologie 610 0 $aPoesia americana$aAntologie 676 $a821.008 702 1$aUntermeyer,$bLouis 801 0$aIT$bUNINA$c20070313$gRICA$2UNIMARC 901 $aBK 912 $a990004790160403321 952 $a821.008 UNT 1$fFLFBC 959 $aFLFBC 996 $aTreasury of great poems english and american$9561911 997 $aUNINA LEADER 01335nam0 22003493i 450 001 TO00636188 005 20251003044407.0 010 $a047155894X 100 $a20121203d1998 ||||0itac50 ba 101 | $aeng 102 $aus 181 1$6z01$ai $bxxxe 182 1$6z01$an 183 1$6z01$anc$2RDAcarrier 200 1 $aCombinatorial optimization$fWilliam J. Cook ... [et al.] 210 $aNew York [etc.]$cWiley$d1998 215 $aX, 355 p.$d24 cm 225 | $aWiley interscience series in discrete mathematics and optimization 410 0$1001MIL0025007$12001 $aWiley interscience series in discrete mathematics and optimization 500 11$aCombinatorial Optimization.$3UBO3840337$9MILV033799$9262324 606 $aOttimizzazione $2FIR$3MILC010488$9I 676 $a519.6$9OTTIMIZZAZIONE MATEMATICA$v14 676 $a519.64$9OTTIMIZZAZIONE COMBINATORIA$v22 702 1$aCook$b, William J.$3TO0V283068 801 3$aIT$bIT-000000$c20121203 850 $aIT-BN0095 901 $bNAP 01$cSALA DING $n$ 912 $aTO00636188 950 0$aBiblioteca Centralizzata di Ateneo$c1 v.$d 01SALA DING 519.6 COMO$e 0102 0000054665 VMA A4 1 v.$fY $h20040709$i20121203 977 $a 01 996 $aCombinatorial optimization$9262324 997 $aUNISANNIO